Členstvo malého štátu v EÚ a jeho zahraničná politika
Postavenie malých štátov v medzinárodných vzťahoch a ich členstvo v nadnárodných spoločenstvách. Prijatie malého štátu do Európskej únie ako významné politické rozhodnutie. Posilnenie sebadôvery a istoty malého štátu v zahraničnopolitických vzťahoch. Zahraničná politika malých štátov a proces prehl...
Uložené v:
| Hlavný autor: | |
|---|---|
| Médium: | Kapitola |
| Jazyk: | Slovak |
| Predmet: | |
| Tagy: |
Žiadne tagy, Buďte prvý, kto otaguje tento záznam!
|
MARC
| LEADER | 00000naa$a2200000$$$4500 | ||
|---|---|---|---|
| 001 | 0053050 | ||
| 005 | 20240502071619.2 | ||
| 041 | 0 | |a slo | |
| 044 | |a SK | ||
| 245 | 1 | 0 | |a Členstvo malého štátu v EÚ a jeho zahraničná politika |c Peter Rusiňák |
| 520 | |a Postavenie malých štátov v medzinárodných vzťahoch a ich členstvo v nadnárodných spoločenstvách. Prijatie malého štátu do Európskej únie ako významné politické rozhodnutie. Posilnenie sebadôvery a istoty malého štátu v zahraničnopolitických vzťahoch. Zahraničná politika malých štátov a proces prehlbovania európskej integrácie. | ||
| 610 | 2 | 0 | |a Európska únia |
| 610 | 2 | 0 | |a spolupráca hospodárska medzinárodná |
| 610 | 2 | 0 | |a organizácie medzinárodné |
| 610 | 2 | 0 | |a krajiny vyspelé |
| 610 | 2 | 0 | |a integrácia ekonomická medzinárodná |
| 610 | 2 | 0 | |a štát |
| 610 | 2 | 0 | |a politika zahraničná |
| 610 | 2 | 0 | |a právo komunitárne |
| 100 | 1 | |a Rusiňák, Peter | |